000 00461nam a2200169Ia 4500
999 _c27291
_d27291
003 OSt
005 20210112155005.0
008 190216s9999||||xx |||||||||||||| ||und||
040 _coclc
082 _a894.8122
_bBHA/P
100 _aBhasan
_98172
245 0 _aPancharathram /
_cBhasan
260 _bUniversity Of Calicut,
_c1996.
300 _a123p
650 _aMalayalam Nadakam
942 _cBK
_2ddc
_h894.8122
_iBHA/P
_k894.8122
_mBHA/P